000 00758nam a2200217Ia 4500
003 GCL
005 20240530095350.0
008 140319s9999 xx 000 0 ara d
040 _aGCL /
_cGCL
082 0 4 _a923.2
_bق/م م
100 1 _aمراد غالب
245 1 0 _aمع عبد الناصر والسادات :
_bسنوات الانتصار وايام المحن /
_cمراد غالب
250 _aالاولى
260 _aالقاهرة :
_bمركز الاهرام للترجمة والنشر ،
_c2001
300 _a246 ص ؛
_c24سم
650 0 4 _aالتراجم الذاتية
650 0 4 _aالسياسيون المصريون
650 0 4 _aالرجال - تراجم
650 0 4 _aمراد غالب - المذكرات
942 _2ddc
_cBK
999 _c6515
_d6515